| 000 | 00814nam a2200253 4500 | ||
|---|---|---|---|
| 003 | OSt | ||
| 005 | 20240610083014.0 | ||
| 006 | a | ||
| 008 | 240610b |||||||| |||| 00| 0 eng d | ||
| 020 | _a9781433809804 | ||
| 040 |
_aDWCL-Main lib. _cOC |
||
| 082 | _aCirc. 650.14 S267c 2011 | ||
| 100 | _aSavickas, Mark L | ||
| 245 | _aCareer counselling / | ||
| 260 |
_aWashington, DC : _bAmerican Psychological Association, _cc2011. |
||
| 300 |
_axiv, _b181 p. ; _c23 cm. |
||
| 490 | _3Theories of psychotheraphy series | ||
| 504 | _aIncludes bibliographical references and index. | ||
| 650 | _a1. Vocational guidance-Psychological aspects. | ||
| 650 | _a2. Career development-Psychological aspects. | ||
| 650 | _a3. Personality and occupation. | ||
| 700 | _aMark L. Savickas | ||
| 942 |
_2ddc _n0 _cBK-CIRC _kCirc. |
||
| 999 |
_c490 _d490 |
||